| 000 | 00506nam a2200157Ia 4500 | ||
|---|---|---|---|
| 008 | 130821s gw gr eng | ||
| 040 |
_aCo-BoUCM _bspa |
||
| 041 | _aeng | ||
| 100 |
_aHichens, Robert _d1864-1950 _953501 |
||
| 245 |
_aThe Garden of Allah _cRobert Hichens |
||
| 260 |
_aLeipzig (Sajonia, Alemania) _bBernhard Tauchnitz _c[fecha desconocida] |
||
| 300 | _a327 páginas | ||
| 650 | 0 | 4 |
_aLiteratura alemana _918601 |
| 942 |
_cLIBRO _a18 _e1 _mH42 _2DEWEY _h830 |
||
| 999 |
_c5365 _d5365 |
||